Haikyuu!! Kamomedai Players - Statistics

General Stats
  • This quiz has been taken 5 times
  • The average score is 6 of 10
Answer Stats
Picture Hint Answer % Correct
Wing Spiker / Outside Hitter / Ace Kōrai Hoshiumi
100%
Coach Aaron Murphy
60%
Setter / Captain Aikichi Suwa
60%
Wing Spiker / Opposite Hitter Gao Hakuba
60%
Middle Blocker Kazuyoshi Bessho
60%
Middle Blocker Sachirō Hirugami
60%
Wing Spiker / Opposite Hitter Isao Norikura
40%
Wing Spiker / Outside Hitter Izuru Nozawa
40%
Libero Keiichirō Kanbayashi
40%
Setter Liam Tokura
40%
No matching quizzes found
Score Distribution
Percent of People with Each Score
Percentile by Number Answered
Your Score History
You have not taken this quiz